Central Library OPAC University of Rajshahi

The British anti-slavery movement / (Record no. 45061)

MARC details
000 -LEADER
fixed length control field 00723nam a2200241 a 4500
001 - CONTROL NUMBER
control field 45061
003 - CONTROL NUMBER IDENTIFIER
rucl marc code BD-RjUL
005 - DATE AND TIME OF LATEST TRANSACTION
control field 20211209053946.0
008 - FIXED-LENGTH DATA ELEMENTS--GENERAL INFORMATION
fixed length control field 160721s1933 enk 001 0 eng d
035 ## - SYSTEM CONTROL NUMBER
System control number (BD-RjUL)45179
System control number 733603
040 ## - CATALOGING SOURCE
Original cataloging agency ANL
Language of cataloging eng
Modifying agency ANL
Transcribing agency BD-RjUL
041 ## - LANGUAGE CODE
Language code of text/sound track or separate title eng
082 0# - DEWEY DECIMAL CLASSIFICATION NUMBER
Classification number 326.942
Edition number 23
Author mark and year COB 1933
100 1# - MAIN ENTRY--PERSONAL NAME
Personal name Coupland, R.
Fuller form of name (Reginald),
Dates associated with a name 1884-1952.
9 (RLIN) 138040
245 14 - TITLE STATEMENT
Title The British anti-slavery movement /
Statement of responsibility, etc. Reginald Coupland.
260 ## - PUBLICATION, DISTRIBUTION, ETC. (IMPRINT)
Place of publication, distribution, etc. London :
Name of publisher, distributor, etc. Butterworth,
Date of publication, distribution, etc. 1933.
300 ## - PHYSICAL DESCRIPTION
Pagination 256, p. ;
Size 17 cm.
504 ## - BIBLIOGRAPHY, ETC. NOTE
Bibliography, etc Bibliography: p. 252.
650 #0 - SUBJECT ADDED ENTRY--TOPICAL TERM
Topical term or geographic name as entry element Antislavery movements
Geographic subdivision Great Britain
9 (RLIN) 138041
Topical term or geographic name as entry element Slave-trade
Geographic subdivision Great Britain
9 (RLIN) 138042
942 ## - ADDED ENTRY ELEMENTS (KOHA)
Source of classification or shelving scheme Dewey Decimal Classification
Koha item type Books
Holdings
Lost status Source of classification or shelving scheme Damaged status Not for loan Permanent Location Current Location Date acquired Total Checkouts Full call number Date last seen Koha item type Collection code Shelving location Source of acquisition Cost, normal purchase price Copy number
  Dewey Decimal Classification     Central Library, University of Rajshahi Central Library, University of Rajshahi 21/07/2016   326/.0941 21/07/2016 Books          
  Dewey Decimal Classification     Central Library, University of Rajshahi Central Library, University of Rajshahi 22/01/1955   326.942 COB 1933 23/07/2016 Books Non-fiction   M.B.P. Dhaka 3.00 C-2
  Dewey Decimal Classification     Central Library, University of Rajshahi Central Library, University of Rajshahi 22/01/1955   326.942 COB 1933 23/07/2016 Books Non-fiction   M.B.P. Dhaka 3.00 C-3